Match the Ingredients to the Cocktail (Mixed Drinks) 🍹 - Statistics

General Stats
  • This quiz has been taken 293 times
  • The average score is 14 of 25
Answer Stats
Hint Answer % Correct
Vodka, tomato juice, lemon juice, Worcestershire sauce, hot sauce, celery salt, pepper Bloody Mary
87%
Light rum, pineapple juice, coconut cream Piña Colada
86%
Vodka, blue curaçao, lemonade Blue Lagoon
78%
Rum, mint, lime juice, sugar, soda water Mojito
77%
Vodka, orange juice Screwdriver
75%
Gin, dry vermouth, olive Martini
74%
Vodka, coffee liqueur, cream White Russian
73%
Champagne, orange juice Mimosa
71%
Tequila, orange juice, grenadine Tequila Sunrise
69%
Vodka, ginger beer, lime juice Moscow Mule
68%
Vodka, tequila, light rum, triple sec, gin, lemon juice, cola Long Island Iced Tea
63%
Tequila, lime juice, triple sec Margarita
63%
Cachaça, lime, sugar Caipirinha
59%
Whiskey, lemon juice, simple syrup, egg white Whiskey Sour
57%
Bourbon, sugar, bitters, water Old Fashioned
56%
Vodka, triple sec, cranberry juice, lime juice Cosmopolitan
55%
Vodka, peach schnapps, cranberry juice, orange juice Sex on the Beach
55%
Gin, sweet vermouth, Campari Negroni
43%
Crème de menthe, crème de cacao,
cream
Grasshopper
40%
Gin, lemon juice, sugar, soda water Tom Collins
35%
Dark rum, lime juice, orgeat syrup, orange liqueur Mai Tai
33%
Light rum, lime juice, simple syrup Daiquiri
32%
Vodka, grapefruit juice Greyhound
29%
Rye whiskey, sweet vermouth, bitters Manhattan
29%
Brandy, orange liqueur, lemon juice Sidecar
25%
No matching quizzes found
Score Distribution
Percent of People with Each Score
Percentile by Number Answered
Your Score History
You have not taken this quiz